000
00317nam a2200133Ia 4500
008
230312s9999||||xx |||||||||||||| ||und||
082
_a
612
_b
LAU-C
100
_a
Laurence .D.R
245
0
_a
Self assesment of Clinical Pharmacology
300
_a
222
546
_a
Eng.
650
_a
Medical
_v
Pharmacology
942
_c
BK
999
_c
4717
_d
4717